[Event "Commonwealth Open 2019"]
[Site "Delhi"]
[Date "2019.07.01"]
[Round "3.22"]
[White "Sanjeet, Manohar"]
[Black "Bhambure, Shantanu"]
[Result "0-1"]
[WhiteElo "1905"]
[BlackElo "2248"]
[Annotator "NA"]
[PlyCount "74"]
[EventDate "2019.06.30"]
[EventType "swiss"]
[EventCountry "IND"]
[SourceTitle "playchess.com"]
[Source "ChessBase"]
[SourceQuality "1"]
[TimeControl "5400+30"]

1. Nf3 {[%emt 0:00:00]} Nf6 {[%emt 0:00:00]} 2. g3 {[%emt 0:00:00]} b5 {[%emt 0:00:00]} 3. Bg2 {[%emt 0:02:09]} Bb7 {[%emt 0:00:03]} 4. O-O {[%emt 0:00:40]} e6 {[%emt 0:00:50]} 5. d4 {[%emt 0:01:25]} c5 {[%emt 0:01:12]} 6. a4 {[%emt 0:02:15]} b4 {[%emt 0:04:55]} 7. Nbd2 {[%emt 0:12:09]} d5 {[%emt 0:03:39]} 8. c4 {[%emt 0:05:34]} Nbd7 {[%emt 0:17:59]} 9. a5 {[%emt 0:08:39]} Rc8 {[%emt 0:04:42]} 10. Re1 {[%emt 0:12:04]} cxd4 {[%emt 0:16:33]} 11. Nxd4 {[%emt 0:04:47]} Be7 {[%emt 0:02:23]} 12. cxd5 {[%emt 0:13:47]} Nxd5 {[%emt 0:01:55]} 13. e4 {[%emt 0:00:51]} N5f6 {[%emt 0:02:06]} 14. Nf1 {[%emt 0:05:51]} O-O {[%emt 0:04:55]} 15. e5 {[%emt 0:05:04]} Nd5 {[%emt 0:00:24]} 16. Qg4 {[%emt 0:00:41]} Kh8 {[%emt 0:04:33]} 17. Nf3 {[%emt 0:05:32]} Nc5 {[%emt 0:07:52]} 18. Bg5 {[%emt 0:01:26]} h6 {[%emt 0:04:28]} 19. Bxe7 {[%emt 0:00:43]} Qxe7 {[%emt 0:00:06]} 20. Ne3 {[%emt 0:01:04]} Nd3 {[%emt 0:03:28]} 21. Nxd5 {[%emt 0:01:54]} Bxd5 {[%emt 0:00:15]} 22. Re2 {[%emt 0:01:22]} Rc4 {[%emt 0:02:02]} 23. Qh5 {[%emt 0:00:39]} Qc5 {[%emt 0:03:47]} 24. h4 {[%emt 0:01:22]} Rc1+ {[%emt 0:04:16]} 25. Rxc1 {[%emt 0:00:04]} Qxc1+ {[%emt 0:00:11]} 26. Kh2 {[%emt 0:00:08]} Nxb2 {[%emt 0:01:23]} 27. Ng5 {[%emt 0:00:48]} Bxg2 {[%emt 0:02:08]} 28. Kxg2 {[%emt 0:00:02]} Kg8 {[%emt 0:00:27]} 29. Ne4 {[%emt 0:00:18]} Nc4 {[%emt 0:01:49]} 30. Qg4 {[%emt 0:02:35]} b3 {[%emt 0:01:43]} 31. Nf6+ {[%emt 0:00:28]} Kh8 {[%emt 0:00:01]} 32. Nh5 {[%emt 0:02:48]} Rg8 {[%emt 0:01:23]} 33. Re4 {[%emt 0:00:05]} Nd2 {[%emt 0:01:53]} 34. Rf4 {[%emt 0:00:08]} b2 {[%emt 0:01:08]} 35. Rxf7 {[%emt 0:02:36]} b1=Q {[%emt 0:00:18]} 36. Qxg7+ {[%emt 0:01:05]} Rxg7 {[%emt 0:00:05]} 37. Rf8+ {[%emt 0:00:04]} Rg8 {[%emt 0:00:15]} 0-1

[Event "Commonwealth Open 2019"]
[Site "Delhi"]
[Date "2019.07.01"]
[Round "3.23"]
[White "Savanth Krishnan R"]
[Black "Rosh Jain"]
[Result "1-0"]
[WhiteElo "1001"]
[BlackElo "1510"]
[Annotator "NA"]
[PlyCount "113"]
[EventDate "2019.06.30"]
[EventType "swiss"]
[EventCountry "IND"]
[SourceTitle "playchess.com"]
[Source "ChessBase"]
[SourceQuality "1"]
[TimeControl "5400+30"]

1. e4 {[%emt 0:00:00]} c5 {[%emt 0:00:00]} 2. d3 {[%emt 0:00:00]} e6 {[%emt 0:00:16]} 3. Nf3 {[%emt 0:01:39]} Nc6 {[%emt 0:00:08]} 4. g3 {[%emt 0:00:49]} d5 {[%emt 0:00:25]} 5. exd5 {[%emt 0:00:27]} exd5 {[%emt 0:00:11]} 6. Nc3 {[%emt 0:00:31]} Nf6 7. Bg2 {[%emt 0:00:27]} Be7 {[%emt 0:02:11]} 8. O-O {[%emt 0:03:07]} Be6 {[%emt 0:03:49]} 9. d4 {[%emt 0:01:36]} O-O {[%emt 0:00:27]} 10. Be3 {[%emt 0:01:01]} c4 {[%emt 0:05:44]} 11. Ne2 {[%emt 0:01:21]} Ng4 {[%emt 0:09:16]} 12. Bd2 {[%emt 0:01:28]} b5 {[%emt 0:02:13]} 13. h3 {[%emt 0:01:45]} Nf6 {[%emt 0:00:22]} 14. Nf4 {[%emt 0:00:45]} Bd6 {[%emt 0:12:02]} 15. Nxe6 {[%emt 0:02:46]} fxe6 {[%emt 0:05:26]} 16. Bg5 h6 {[%emt 0:01:51]} 17. Bxf6 {[%emt 0:01:13]} Qxf6 {[%emt 0:00:20]} 18. c3 {[%emt 0:00:42]} Rad8 {[%emt 0:00:54]} 19. Qc2 {[%emt 0:01:48]} e5 {[%emt 0:08:14]} 20. Nxe5 {[%emt 0:01:37]} Bxe5 {[%emt 0:01:01]} 21. dxe5 {[%emt 0:00:26]} Nxe5 {[%emt 0:00:08]} 22. a4 {[%emt 0:01:03]} Nd3 {[%emt 0:03:02]} 23. axb5 {[%emt 0:01:10]} Qb6 {[%emt 0:00:33]} 24. b3 {[%emt 0:01:17]} Rf5 {[%emt 0:02:09]} 25. bxc4 dxc4 {[%emt 0:00:14]} 26. Be4 {[%emt 0:02:37]} Rg5 {[%emt 0:02:32]} 27. Kh2 {[%emt 0:00:34]} Rxb5 {[%emt 0:05:54]} 28. Qa4 {[%emt 0:02:49]} Rc8 {[%emt 0:07:59]} 29. Ra2 {[%emt 0:14:17]} Rc7 {[%emt 0:05:44]} 30. Rd2 {[%emt 0:01:18]} Nb2 {[%emt 0:13:38]} 31. Rxb2 {[%emt 0:00:57]} a6 {[%emt 0:01:00]} 32. Rxb5 {[%emt 0:01:02]} Qxb5 {[%emt 0:00:19]} 33. Qxb5 {[%emt 0:00:39]} axb5 {[%emt 0:00:09]} 34. Rb1 {[%emt 0:00:14]} Rc5 {[%emt 0:00:18]} 35. Kg2 {[%emt 0:00:37]} Re5 {[%emt 0:00:20]} 36. Bc6 {[%emt 0:00:17]} Kh8 {[%emt 0:00:21]} 37. Rxb5 {[%emt 0:00:12]} Rxb5 {[%emt 0:00:12]} 38. Bxb5 {[%emt 0:00:05]} g5 {[%emt 0:00:09]} 39. Bxc4 {[%emt 0:00:06]} Kg7 {[%emt 0:00:05]} 40. Bd5 {[%emt 0:00:13]} Kf6 {[%emt 0:00:07]} 41. c4 {[%emt 0:00:07]} Ke5 {[%emt 0:00:11]} 42. Kf3 {[%emt 0:00:21]} h5 {[%emt 0:00:07]} 43. Bf7 {[%emt 0:00:15]} g4+ {[%emt 0:00:05]} 44. hxg4 {[%emt 0:00:07]} h4 {[%emt 0:00:04]} 45. gxh4 {[%emt 0:00:20]} Kf6 {[%emt 0:00:09]} 46. Bd5 {[%emt 0:00:17]} Ke5 {[%emt 0:00:27]} 47. h5 {[%emt 0:00:08]} Kf6 {[%emt 0:00:07]} 48. c5 {[%emt 0:00:06]} Ke5 {[%emt 0:00:06]} 49. h6 {[%emt 0:00:13]} Kxd5 {[%emt 0:00:05]} 50. h7 {[%emt 0:00:07]} Kxc5 {[%emt 0:00:09]} 51. h8=Q {[%emt 0:00:14]} Kd5 {[%emt 0:00:30]} 52. g5 {[%emt 0:00:30]} Ke6 {[%emt 0:00:00]} 53. g6 {[%emt 0:00:00]} Ke7 {[%emt 0:00:00]} 54. g7 {[%emt 0:00:00]} Kf7 {[%emt 0:00:00]} 55. g8=Q+ {[%emt 0:00:02]} Ke7 {[%emt 0:00:00]} 56. Qe5+ {[%emt 0:00:11]} Kd7 {[%emt 0:00:06]} 57. Qge8# {[%emt 0:00:07]} 1-0

[Event "Commonwealth Open 2019"]
[Site "Delhi"]
[Date "2019.07.01"]
[Round "3.27"]
[White "Madhavansh Mittal"]
[Black "Ilamparthi A R"]
[Result "0-1"]
[WhiteElo "1283"]
[BlackElo "2036"]
[Annotator "NA"]
[PlyCount "60"]
[EventDate "2019.06.30"]
[EventType "swiss"]
[EventCountry "IND"]
[SourceTitle "playchess.com"]
[Source "ChessBase"]
[SourceQuality "1"]
[TimeControl "5400+30"]

1. d4 {[%emt 0:00:47]} Nf6 {[%emt 0:00:00]} 2. c4 {[%emt 0:00:17]} g6 {[%emt 0:00:01]} 3. g3 {[%emt 0:00:06]} Bg7 {[%emt 0:00:08]} 4. Bg2 {[%emt 0:00:15]} O-O {[%emt 0:00:09]} 5. Nc3 {[%emt 0:00:13]} d6 {[%emt 0:00:18]} 6. Nf3 {[%emt 0:00:18]} Nc6 {[%emt 0:00:35]} 7. O-O {[%emt 0:00:53]} e5 {[%emt 0:00:14]} 8. dxe5 {[%emt 0:03:10]} dxe5 {[%emt 0:00:19]} 9. Bg5 {[%emt 0:05:47]} Be6 {[%emt 0:12:34]} 10. Nd2 {[%emt 0:11:53]} h6 {[%emt 0:02:29]} 11. Bxf6 {[%emt 0:00:22]} Bxf6 {[%emt 0:00:33]} 12. Nd5 {[%emt 0:12:23]} Bg7 {[%emt 0:02:41]} 13. e4 {[%emt 0:05:46]} Nd4 {[%emt 0:01:08]} 14. Nb3 {[%emt 0:00:49]} c6 {[%emt 0:00:20]} 15. Ne3 {[%emt 0:01:55]} Qb6 {[%emt 0:02:08]} 16. Qd3 {[%emt 0:07:19]} Rfd8 {[%emt 0:01:22]} 17. Nc2 {[%emt 0:15:03]} Nxb3 {[%emt 0:01:37]} 18. Qxb3 {[%emt 0:00:16]} Rd2 {[%emt 0:00:46]} 19. Rac1 {[%emt 0:06:32]} Bf8 {[%emt 0:07:09]} 20. Qc3 {[%emt 0:02:19]} Rad8 {[%emt 0:03:33]} 21. b3 {[%emt 0:04:58]} f6 {[%emt 0:10:11]} 22. a3 {[%emt 0:02:34]} R8d3 {[%emt 0:01:21]} 23. Qa1 {[%emt 0:01:06]} Rxb3 {[%emt 0:01:12]} 24. Ne1 {[%emt 0:08:59]} Rxa3 {[%emt 0:02:35]} 25. Qb1 {[%emt 0:00:21]} Rb2 {[%emt 0:00:08]} 26. Qxb2 {[%emt 0:00:52]} Qxb2 {[%emt 0:00:16]} 27. Rc2 {[%emt 0:00:05]} Qb3 {[%emt 0:00:08]} 28. f4 {[%emt 0:01:05]} Bc5+ {[%emt 0:00:14]} 29. Kh1 {[%emt 0:00:11]} Bxc4 {[%emt 0:00:09]} 30. Rf3 {[%emt 0:00:09]} Qb1 {[%emt 0:00:11]} 0-1

[Event "Commonwealth Open 2019"]
[Site "Delhi"]
[Date "2019.07.01"]
[Round "3.28"]
[White "Bharadia Yash"]
[Black "Rupankar Kundu"]
[Result "1-0"]
[WhiteElo "1942"]
[BlackElo "1277"]
[Annotator "NA"]
[PlyCount "135"]
[EventDate "2019.06.30"]
[EventType "swiss"]
[EventCountry "IND"]
[SourceTitle "playchess.com"]
[Source "ChessBase"]
[SourceQuality "1"]
[TimeControl "5400+30"]

1. e4 {[%emt 0:00:00]} e5 {[%emt 0:01:42]} 2. Nf3 {[%emt 0:00:00]} Nc6 {[%emt 0:00:19]} 3. Bb5 {[%emt 0:00:00]} a6 {[%emt 0:01:14]} 4. Ba4 {[%emt 0:00:19]} d6 {[%emt 0:00:57]} 5. c3 {[%emt 0:03:42]} Nf6 {[%emt 0:02:46]} 6. Bc2 {[%emt 0:01:31]} Be7 {[%emt 0:01:27]} 7. O-O {[%emt 0:00:58]} O-O {[%emt 0:04:21]} 8. h3 {[%emt 0:00:20]} b5 {[%emt 0:11:24]} 9. Re1 {[%emt 0:01:17]} Bb7 {[%emt 0:02:35]} 10. a3 {[%emt 0:05:45]} Nb8 {[%emt 0:09:10]} 11. d4 {[%emt 0:00:39]} Nbd7 {[%emt 0:07:08]} 12. Nbd2 {[%emt 0:00:39]} Re8 {[%emt 0:00:24]} 13. Nf1 {[%emt 0:00:27]} Bf8 {[%emt 0:00:11]} 14. Ng3 {[%emt 0:00:31]} g6 15. Bg5 {[%emt 0:06:49]} Bg7 {[%emt 0:05:01]} 16. Qd2 {[%emt 0:01:29]} Nb6 {[%emt 0:11:32]} 17. b3 {[%emt 0:04:58]} Qd7 {[%emt 0:03:25]} 18. Rad1 {[%emt 0:01:33]} Rad8 {[%emt 0:00:11]} 19. Bh6 {[%emt 0:06:50]} Qe7 {[%emt 0:08:24]} 20. Bxg7 {[%emt 0:01:04]} Kxg7 {[%emt 0:00:29]} 21. Qg5 {[%emt 0:01:10]} Kf8 {[%emt 0:12:31]} 22. dxe5 {[%emt 0:11:57]} dxe5 {[%emt 0:00:26]} 23. Rxd8 {[%emt 0:00:53]} Rxd8 {[%emt 0:04:36]} 24. Nxe5 {[%emt 0:02:39]} Re8 {[%emt 0:04:31]} 25. f4 {[%emt 0:03:36]} Qc5+ {[%emt 0:00:26]} 26. Kh2 {[%emt 0:00:33]} Nbd7 {[%emt 0:06:15]} 27. Nxd7+ {[%emt 0:06:35]} Nxd7 {[%emt 0:00:01]} 28. Qxc5+ {[%emt 0:03:25]} Nxc5 {[%emt 0:00:02]} 29. Re2 {[%emt 0:03:52]} Rd8 {[%emt 0:00:21]} 30. Nf1 {[%emt 0:04:40]} Ke7 {[%emt 0:01:21]} 31. Kg3 {[%emt 0:01:22]} Rd6 {[%emt 0:01:37]} 32. Kf2 {[%emt 0:01:48]} Nd7 {[%emt 0:00:33]} 33. Rd2 {[%emt 0:01:52]} Rc6 {[%emt 0:00:32]} 34. Rd3 {[%emt 0:01:03]} Rf6 {[%emt 0:00:34]} 35. g3 {[%emt 0:03:03]} Nc5 {[%emt 0:00:26]} 36. Re3 {[%emt 0:00:16]} Re6 {[%emt 0:00:26]} 37. Nd2 {[%emt 0:00:35]} Rd6 {[%emt 0:00:21]} 38. Ke2 {[%emt 0:00:58]} Bc8 {[%emt 0:00:16]} 39. g4 {[%emt 0:00:21]} Ne6 {[%emt 0:00:19]} 40. Rf3 {[%emt 0:01:13]} Bb7 {[%emt 0:00:57]} 41. f5 {[%emt 0:01:26]} Ng5 {[%emt 0:00:44]} 42. Re3 {[%emt 0:00:21]} h6 {[%emt 0:00:29]} 43. e5 {[%emt 0:00:58]} Rd8 {[%emt 0:00:14]} 44. h4 {[%emt 0:00:44]} Nh7 {[%emt 0:00:21]} 45. fxg6 {[%emt 0:00:21]} fxg6 {[%emt 0:00:02]} 46. Bxg6 {[%emt 0:00:21]} Nf8 {[%emt 0:00:04]} 47. Bf5 {[%emt 0:07:31]} Ne6 {[%emt 0:00:23]} 48. Bxe6 {[%emt 0:02:41]} Kxe6 {[%emt 0:00:03]} 49. b4 {[%emt 0:02:00]} Bd5 {[%emt 0:00:22]} 50. Kf2 {[%emt 0:02:35]} Rf8+ {[%emt 0:00:44]} 51. Kg3 {[%emt 0:00:07]} c6 {[%emt 0:00:37]} 52. Nf3 {[%emt 0:03:12]} h5 {[%emt 0:01:54]} 53. Nd4+ {[%emt 0:00:50]} Ke7 {[%emt 0:00:12]} 54. gxh5 {[%emt 0:00:21]} Rh8 {[%emt 0:00:31]} 55. Kg4 {[%emt 0:01:01]} Rg8+ {[%emt 0:00:05]} 56. Kf5 {[%emt 0:00:16]} Rh8 {[%emt 0:00:14]} 57. Kg5 {[%emt 0:01:09]} Rg8+ {[%emt 0:00:03]} 58. Kh6 {[%emt 0:00:17]} Rh8+ {[%emt 0:00:08]} 59. Kg6 {[%emt 0:00:12]} Bf7+ {[%emt 0:01:10]} 60. Kg7 {[%emt 0:00:23]} Rg8+ {[%emt 0:00:06]} 61. Kh7 {[%emt 0:00:16]} Rg4 {[%emt 0:00:41]} 62. Nxc6+ {[%emt 0:00:23]} Kf8 {[%emt 0:00:08]} 63. e6 {[%emt 0:00:23]} Bxh5 {[%emt 0:00:08]} 64. e7+ {[%emt 0:00:23]} Ke8 {[%emt 0:00:03]} 65. Kh6 {[%emt 0:01:27]} Rxh4 {[%emt 0:00:31]} 66. Kg5 {[%emt 0:00:06]} Rh1 {[%emt 0:00:05]} 67. Rd3 {[%emt 0:00:14]} Rd1 {[%emt 0:00:07]} 68. Rd8+ {[%emt 0:00:05]} 1-0

[Event "Commonwealth Open 2019"]
[Site "Delhi"]
[Date "2019.07.01"]
[Round "3.29"]
[White "Reddy Rimitha R"]
[Black "Sneha Halder"]
[Result "0-1"]
[WhiteElo "1092"]
[BlackElo "1474"]
[Annotator "NA"]
[PlyCount "100"]
[EventDate "2019.06.30"]
[EventType "swiss"]
[EventCountry "IND"]
[SourceTitle "playchess.com"]
[Source "ChessBase"]
[SourceQuality "1"]
[TimeControl "5400+30"]

1. e4 {[%emt 0:00:00]} e6 {[%emt 0:02:27]} 2. d4 {[%emt 0:02:18]} d5 {[%emt 0:01:16]} 3. exd5 {[%emt 0:01:42]} exd5 {[%emt 0:02:01]} 4. Nf3 {[%emt 0:03:28]} Bd6 {[%emt 0:03:17]} 5. Nc3 {[%emt 0:01:13]} c6 {[%emt 0:02:20]} 6. Be3 {[%emt 0:01:44]} Ne7 {[%emt 0:02:47]} 7. Bd3 {[%emt 0:04:02]} Bg4 {[%emt 0:03:27]} 8. h3 {[%emt 0:00:33]} Bh5 {[%emt 0:00:36]} 9. Qe2 {[%emt 0:01:23]} Bb4 {[%emt 0:10:31]} 10. Bd2 {[%emt 0:02:30]} Nd7 {[%emt 0:03:53]} 11. a3 {[%emt 0:01:54]} Bd6 {[%emt 0:02:33]} 12. Be3 {[%emt 0:01:59]} Qb6 {[%emt 0:01:16]} 13. Na4 {[%emt 0:02:45]} Qa5+ {[%emt 0:02:34]} 14. Nc3 {[%emt 0:00:14]} Nf6 {[%emt 0:08:20]} 15. Bd2 {[%emt 0:06:06]} Qb6 {[%emt 0:14:03]} 16. Na4 {[%emt 0:00:38]} Bxf3 {[%emt 0:01:03]} 17. Nxb6 {[%emt 0:10:08]} Bxe2 {[%emt 0:00:10]} 18. Nxa8 {[%emt 0:00:20]} Bxd3 {[%emt 0:00:09]} 19. cxd3 {[%emt 0:00:06]} Kd7 {[%emt 0:00:42]} 20. Bg5 {[%emt 0:00:43]} Nh5 {[%emt 0:04:06]} 21. O-O {[%emt 0:00:43]} Rxa8 {[%emt 0:06:34]} 22. Rfe1 {[%emt 0:02:23]} f6 {[%emt 0:21:32]} 23. Bd2 {[%emt 0:20:24]} Nf4 {[%emt 0:02:16]} 24. Re3 {[%emt 0:01:33]} Nf5 {[%emt 0:00:17]} 25. Ree1 {[%emt 0:10:43]} Nxd3 {[%emt 0:01:33]} 26. Red1 {[%emt 0:02:24]} Nxd4 {[%emt 0:00:23]} 27. Bc3 {[%emt 0:00:44]} Ne2+ {[%emt 0:00:05]} 28. Kf1 {[%emt 0:02:29]} Nxc3 {[%emt 0:00:07]} 29. Rxd3 {[%emt 0:00:24]} Ne4 {[%emt 0:00:06]} 30. Re1 {[%emt 0:03:12]} Re8 {[%emt 0:00:05]} 31. Rde3 {[%emt 0:02:00]} Bc5 {[%emt 0:00:08]} 32. R3e2 {[%emt 0:00:31]} Bxf2 33. Rxf2 {[%emt 0:03:30]} Ng3+ {[%emt 0:00:38]} 34. Kg1 {[%emt 0:05:47]} Rxe1+ {[%emt 0:00:10]} 35. Kh2 {[%emt 0:00:42]} Ne4 {[%emt 0:00:08]} 36. Rc2 {[%emt 0:00:16]} d4 {[%emt 0:00:23]} 37. h4 {[%emt 0:00:15]} d3 {[%emt 0:00:11]} 38. Rc4 {[%emt 0:00:11]} c5 {[%emt 0:00:08]} 39. b4 {[%emt 0:00:05]} d2 {[%emt 0:00:07]} 40. bxc5 {[%emt 0:01:04]} d1=Q {[%emt 0:00:05]} 41. Rxe4 {[%emt 0:00:28]} Rxe4 {[%emt 0:00:27]} 42. c6+ {[%emt 0:00:03]} Kc7 {[%emt 0:00:09]} 43. a4 {[%emt 0:00:10]} Rxh4+ {[%emt 0:00:08]} 44. Kg3 {[%emt 0:00:02]} Qd4 {[%emt 0:00:07]} 45. Kf3 {[%emt 0:00:19]} Qd2 {[%emt 0:01:30]} 46. cxb7 {[%emt 0:00:16]} Kxb7 {[%emt 0:00:05]} 47. g3 {[%emt 0:00:04]} Rxa4 {[%emt 0:00:21]} 48. g4 {[%emt 0:00:08]} Qd3+ {[%emt 0:00:11]} 49. Kf2 {[%emt 0:00:05]} Ra2+ {[%emt 0:00:15]} 50. Ke1 {[%emt 0:00:05]} Qb1# {[%emt 0:00:15]} 0-1

[Event "Commonwealth Open 2019"]
[Site "Delhi"]
[Date "2019.07.01"]
[Round "3.30"]
[White "Sanikommu Manasvi"]
[Black "Sananda R"]
[Result "1-0"]
[WhiteElo "1353"]
[BlackElo "1081"]
[Annotator "NA"]
[PlyCount "105"]
[EventDate "2019.06.30"]
[EventType "swiss"]
[EventCountry "IND"]
[SourceTitle "playchess.com"]
[Source "ChessBase"]
[SourceQuality "1"]
[TimeControl "5400+30"]

1. e4 {[%emt 0:00:00]} e5 {[%emt 0:00:00]} 2. Nf3 {[%emt 0:00:00]} Nc6 {[%emt 0:00:03]} 3. d4 {[%emt 0:00:12]} exd4 {[%emt 0:00:25]} 4. Bc4 {[%emt 0:00:46]} Nf6 {[%emt 0:03:53]} 5. O-O {[%emt 0:00:59]} Nxe4 {[%emt 0:04:38]} 6. Re1 {[%emt 0:00:09]} d5 {[%emt 0:00:17]} 7. Bxd5 {[%emt 0:00:18]} Qxd5 {[%emt 0:00:34]} 8. Nc3 {[%emt 0:00:04]} Qh5 {[%emt 0:00:48]} 9. Nxe4 {[%emt 0:00:08]} Be6 {[%emt 0:00:18]} 10. Neg5 {[%emt 0:05:09]} Qg6 {[%emt 0:04:41]} 11. Nxe6 {[%emt 0:09:23]} fxe6 {[%emt 0:00:40]} 12. Qe2 {[%emt 0:04:59]} O-O-O 13. Qxe6+ {[%emt 0:00:56]} Qxe6 {[%emt 0:09:01]} 14. Rxe6 {[%emt 0:00:24]} Bd6 {[%emt 0:02:55]} 15. Bg5 {[%emt 0:15:15]} Rdf8 {[%emt 0:10:41]} 16. Bd2 {[%emt 0:02:25]} h6 {[%emt 0:03:32]} 17. h3 {[%emt 0:00:30]} g5 {[%emt 0:00:30]} 18. a3 {[%emt 0:03:33]} Rf5 {[%emt 0:09:57]} 19. Rae1 {[%emt 0:03:45]} Be7 {[%emt 0:06:43]} 20. b4 {[%emt 0:07:23]} h5 {[%emt 0:01:36]} 21. Ne5 {[%emt 0:06:27]} Bd6 {[%emt 0:15:09]} 22. Nxc6 {[%emt 0:06:11]} bxc6 {[%emt 0:01:37]} 23. Re8+ {[%emt 0:03:24]} Rxe8 {[%emt 0:00:36]} 24. Rxe8+ {[%emt 0:00:09]} Kd7 {[%emt 0:00:21]} 25. Rh8 {[%emt 0:00:24]} h4 {[%emt 0:02:28]} 26. Rh5 {[%emt 0:01:07]} Be7 {[%emt 0:00:25]} 27. f4 {[%emt 0:00:46]} c5 {[%emt 0:00:41]} 28. fxg5 {[%emt 0:01:59]} c4 {[%emt 0:03:35]} 29. Rxh4 {[%emt 0:02:03]} c5 {[%emt 0:04:11]} 30. Rg4 {[%emt 0:03:59]} c3 {[%emt 0:03:55]} 31. Bc1 {[%emt 0:01:39]} Rd5 {[%emt 0:01:47]} 32. g6 {[%emt 0:04:27]} d3 {[%emt 0:00:24]} 33. cxd3 {[%emt 0:02:08]} Bf6 {[%emt 0:00:20]} 34. g7 {[%emt 0:02:18]} Bxg7 {[%emt 0:00:29]} 35. Rxg7+ {[%emt 0:00:08]} Ke6 {[%emt 0:00:04]} 36. Rg6+ {[%emt 0:01:48]} Kf7 {[%emt 0:00:52]} 37. Rg3 {[%emt 0:01:19]} c4 {[%emt 0:00:21]} 38. Rf3+ {[%emt 0:00:46]} Ke6 {[%emt 0:00:08]} 39. dxc4 {[%emt 0:00:16]} Rd1+ {[%emt 0:00:32]} 40. Rf1 {[%emt 0:00:12]} Rd3 {[%emt 0:00:14]} 41. Kf2 {[%emt 0:00:45]} c2 {[%emt 0:00:14]} 42. Re1+ {[%emt 0:01:05]} Kd6 {[%emt 0:01:10]} 43. Ke2 {[%emt 0:00:44]} Rg3 {[%emt 0:01:06]} 44. Bf4+ {[%emt 0:00:07]} Kc6 {[%emt 0:00:03]} 45. Bxg3 {[%emt 0:00:07]} a6 {[%emt 0:00:03]} 46. Kd2 {[%emt 0:00:11]} c1=Q+ {[%emt 0:00:13]} 47. Kxc1 {[%emt 0:00:12]} a5 {[%emt 0:00:02]} 48. Re6+ {[%emt 0:00:14]} Kd7 {[%emt 0:00:09]} 49. Rd6+ {[%emt 0:00:04]} Ke7 {[%emt 0:00:05]} 50. c5 {[%emt 0:00:08]} axb4 {[%emt 0:00:03]} 51. c6 {[%emt 0:00:00]} Kf7 {[%emt 0:00:00]} 52. c7 {[%emt 0:00:00]} Kg7 {[%emt 0:00:00]} 53. c8=Q {[%emt 0:00:41] Kh8 Qc7 Kg8 Rd8#} 1-0

[Event "Commonwealth Open 2019"]
[Site "Delhi"]
[Date "2019.07.02"]
[Round "4.1"]
[White "Gupta, Abhijeet"]
[Black "Aravindh, Chithambaram Vr."]
[Result "1-0"]
[WhiteElo "2606"]
[BlackElo "2598"]
[Annotator "RC"]
[PlyCount "119"]
[EventDate "2019.06.30"]
[EventType "swiss"]
[EventCountry "IND"]
[SourceTitle "playchess.com"]
[Source "ChessBase"]
[SourceQuality "1"]
[TimeControl "5400+30"]

1. d4 {[%emt 0:01:14]} Nf6 {[%emt 0:00:00]} 2. c4 {[%emt 0:00:16]} g6 {[%emt 0:00:00]} 3. Nc3 {[%emt 0:00:37]} Bg7 {[%emt 0:00:00]} 4. e4 {[%emt 0:00:07]} d6 {[%emt 0:00:00]} 5. Nf3 {[%emt 0:01:04]} O-O {[%emt 0:00:07]} 6. h3 {[%emt 0:00:23]} e5 {[%emt 0:00:21]} 7. d5 {[%emt 0:00:04]} Nh5 {[%emt 0:00:12]} 8. g3 {[%emt 0:00:17]} a5 {[%emt 0:00:14]} 9. Be2 {[%emt 0:03:59]} Na6 {[%emt 0:00:48]} 10. Bg5 {[%emt 0:05:49]} f6 {[%emt 0:00:48]} 11. Be3 {[%emt 0:00:30]} f5 {[%emt 0:00:14]} 12. exf5 {[%emt 0:00:36]} gxf5 {[%emt 0:00:10]} 13. Bg5 {[%emt 0:00:56]} Qe8 {[%emt 0:04:35]} 14. Nh4 {[%emt 0:00:32]} Nf6 {[%emt 0:00:20]} 15. g4 {[%emt 0:02:37]} Ne4 {[%emt 0:21:42]} 16. Nxe4 {[%emt 0:00:51]} fxe4 {[%emt 0:00:04]} 17. Be3 {[%emt 0:01:09]} Nb4 {[%emt 0:09:32]} 18. Rg1 {[%emt 0:01:59]} Qe7 {[%emt 0:15:24]} 19. Nf5 {[%emt 0:04:14]} Bxf5 {[%emt 0:00:31]} 20. gxf5 {[%emt 0:00:04]} Rxf5 {[%emt 0:02:24]} 21. a3 {[%emt 0:08:00]} Nd3+ {[%emt 0:00:07]} 22. Bxd3 {[%emt 0:00:08]} exd3 {[%emt 0:00:05]} 23. Qxd3 {[%emt 0:00:20]} Raf8 {[%emt 0:13:05]} 24. O-O-O {[%emt 0:01:57]} Kh8 {[%emt 0:00:05]} 25. Rg4 {[%emt 0:01:32]} Qf6 {[%emt 0:04:45]} 26. Qd2 {[%emt 0:03:26]} Rh5 {[%emt 0:02:06]} 27. Rdg1 {[%emt 0:03:53]} Bh6 {[%emt 0:00:43]} 28. Kb1 {[%emt 0:18:37]} Rxh3 {[%emt 0:05:09]} 29. Qxa5 {[%emt 0:03:37]} b6 {[%emt 0:08:25]} 30. Qa7 {[%emt 0:01:47]} Bxe3 {[%emt 0:05:48]} 31. fxe3 {[%emt 0:00:22]} Qf7 {[%emt 0:00:05]} 32. Ka2 {[%emt 0:10:32]} Rh2 {[%emt 0:00:10]} 33. Qa4 {[%emt 0:02:15]} Rf2 {[%emt 0:00:29]} 34. Qd1 {[%emt 0:05:09]} Rf1 {[%emt 0:06:45]} 35. Rxf1 {[%emt 0:01:58]} Qxf1 {[%emt 0:00:02]} 36. Qxf1 {[%emt 0:00:06]} Rxf1 {[%emt 0:00:30]} 37. Kb3 {[%emt 0:00:03]} Rf2 {[%emt 0:00:53]} 38. Kc3 {[%emt 0:00:31]} Re2 {[%emt 0:00:48]} 39. e4 {[%emt 0:00:49]} Rh2 {[%emt 0:01:30]} 40. b3 {[%emt 0:00:23]} h5 {[%emt 0:00:12]} 41. Rg5 {[%emt 0:00:04]} Kh7 {[%emt 0:00:15]} 42. Kb4 {[%emt 0:00:02]} Kh6 {[%emt 0:00:04]} 43. Rg8 {[%emt 0:00:04]} Rb2 {[%emt 0:00:58]} 44. Kb5 {[%emt 0:00:57]} Rxb3+ {[%emt 0:00:40]} 45. Kc6 {[%emt 0:00:04]} b5 {[%emt 0:00:45]} 46. cxb5 {[%emt 0:01:17]} Rc3+ {[%emt 0:00:02]} 47. Kd7 {[%emt 0:00:04]} h4 {[%emt 0:00:18]} 48. a4 {[%emt 0:00:20]} Rc5 {[%emt 0:00:39]} 49. b6 {[%emt 0:01:42]} cxb6 {[%emt 0:00:04]} 50. Kxd6 {[%emt 0:00:03]} h3 {[%emt 0:01:19]} 51. Rh8+ {[%emt 0:01:00]} Kg5 {[%emt 0:00:05]} 52. Rxh3 {[%emt 0:01:39]} Kf4 {[%emt 0:00:03]} 53. Rh4+ {[%emt 0:00:22]} Kg5 {[%emt 0:00:06]} 54. Rh1 {[%emt 0:00:10]} Kf4 {[%emt 0:00:07]} 55. Ke6 {[%emt 0:00:19]} Ra5 {[%emt 0:01:02]} 56. d6 {[%emt 0:00:37]} Rxa4 {[%emt 0:00:06]} 57. d7 {[%emt 0:02:26]} Rd4 {[%emt 0:00:04]} 58. Rh4+ {[%emt 0:00:11]} Kf3 {[%emt 0:00:54]} 59. Rh5 {[%emt 0:00:52]} Kf4 {[%emt 0:01:10]} 60. Rf5+ {[%emt 0:00:15]} 1-0